000
00333nam a22001457a 4500
008
210602b ||||| |||| 00| 0 eng d
020
_a
9780124782600
041
_a
eng
080
_2
5th
_a
573
082
_a
573
100
_a
11
101
_a
BIO
245
_a
Handbook of the Biology of Aging
_c
Edward J. Masoro
942
_2
udc
_c
BK
999
_c
57903
_d
57903